| 000 | 00853pam a2200301 a 4500 | ||
|---|---|---|---|
| 001 | 988810 | ||
| 003 | OSt | ||
| 005 | 20140310182721.0 | ||
| 008 | 860612s1986 ohua 001 0 eng | ||
| 010 | _a 86015725 | ||
| 020 |
_a0898792304 (pbk.) : _c$9.95 |
||
| 040 |
_aDLC _cDLC _dDLC |
||
| 050 | 0 | 0 |
_aHD 69 _b.C968 1986 |
| 082 | 0 | 0 |
_aM 650.1 _bC91 1986 |
| 100 | 1 | _aCulp, Stephanie. | |
| 245 | 1 | 0 |
_aHow to get organized when you don't have the time / _cCulp, Stephanie |
| 260 |
_aCincinnati, Ohio : _bWriter's Digest Books, _cc1986. |
||
| 300 |
_a216 p. : _bill. ; _c23 cm. |
||
| 500 | _aIncludes index. | ||
| 521 | _aCollege Students | ||
| 526 | _c1210L-1700L | ||
| 541 | _j1 | ||
| 562 | _e1 | ||
| 650 | 0 | _aTime management. | |
| 650 | 0 | _aOrganization. | |
| 906 |
_a7 _bcbc _corignew _d1 _eocip _f19 _gy-gencatlg |
||
| 942 |
_2lcc _cBK _kM |
||
| 999 |
_c15343 _d15343 |
||